Screening equipment handbook: for industrial and municipal water and wastewater treatment
Сохранить в:
| Главный автор: | |
|---|---|
| Формат: | |
| Язык: | английский |
| Опубликовано: |
Lancaster
Technomic
1988
|
| Предметы: | |
| Метки: |
Добавить метку
Нет меток, Требуется 1-ая метка записи!
|
MARC
| LEADER | 00000nam a2200000 a 4500 | ||
|---|---|---|---|
| 001 | UCX9074 | ||
| 003 | CL-VaPUC | ||
| 008 | 940513e19880000US |||||||||||||||||eng|d | ||
| 082 | 0 | 4 | |a 628.3 |b PAN |2 21 |
| 100 | |a Pankratz, Tom M. |e author |9 326355 | ||
| 245 | 1 | 0 | |a Screening equipment handbook: for industrial and municipal water and wastewater treatment |
| 300 | |a 266 p | ||
| 942 | |c BK | ||
| 945 | |d 19940513 00:00:00 |a mfernand | ||
| 260 | |a Lancaster |b Technomic |c 1988 | ||
| 650 | 0 | |a Aguas servidas |9 261486 | |
| 650 | 0 | |a Purificación del agua |9 324890 | |
| 650 | 7 | |a DESECHOS INDUSTRIALES |2 CL-VaPUC |9 326356 | |
| 650 | 0 | |a Residuos industriales |9 261421 | |
| 583 | |a last modification |c 20180523 10:33:29 |k Rodrigo Vera | ||
| 999 | |c 228407 |d 228405 | ||
| 952 | |0 0 |1 0 |4 0 |6 628_300000000000000_PAN_1988 |7 0 |8 A |9 228424 |a BIBING |b BIBING |d 2019-11-15 |i 2973316 |o 628.3 PAN 1988 |p 2973316 |r 2025-01-20 |w 2019-11-15 |y BK |k EIQ | ||